HAEMATOLOGY & CLINICAL PATHOLOGY (Record no. 1374)

MARC details
000 -LEADER
fixed length control field 00360nam a2200145Ia 4500
008 - FIXED-LENGTH DATA ELEMENTS--GENERAL INFORMATION
fixed length control field 150201s2010 xx 000 0 und d
082 ## - DEWEY DECIMAL CLASSIFICATION NUMBER
Classification number 616.399
Item number H10A
100 ## - MAIN ENTRY--PERSONAL NAME
Personal name AMIN , SURMERA
245 ## - TITLE STATEMENT
Title HAEMATOLOGY & CLINICAL PATHOLOGY
250 ## - EDITION STATEMENT
Edition statement 1ST
260 ## - PUBLICATION, DISTRIBUTION, ETC. (IMPRINT)
Name of publisher, distributor, etc. VIKAS PUBLICATION
Place of publication, distribution, etc. NOIDA
Date of publication, distribution, etc. 2010
300 ## - PHYSICAL DESCRIPTION
Extent 1-216
650 ## - SUBJECT ADDED ENTRY--TOPICAL TERM
Topical term or geographic name as entry element HAEMATOLOGY
942 ## - ADDED ENTRY ELEMENTS (KOHA)
Source of classification or shelving scheme Dewey Decimal Classification
Koha item type Books
Koha issues (borrowed), all copies 2
Holdings
Withdrawn status Lost status Source of classification or shelving scheme Damaged status Not for loan Collection code Home library Current library Shelving location Date acquired Source of acquisition SGTU Total Checkouts Full call number Barcode Date last seen Date last checked out Bill Date Koha item type
    Dewey Decimal Classification     MEDICAL SGT Medical Library SGT Medical Library Text Book 16/08/2012 COMP SGTU 2 616.399 H10A FM5023 17/04/2024 04/04/2024 16/08/2012 Books